Nomi di Picasso - Statistics

Statistiche generali
  • Questo quiz è stato fatto 26 volte
  • Il punteggio medio è 4 su 15
Statistiche sulle risposte
Hint Risposta % Corretto
1 Pablo
100%
3 José
45%
6 Juan
40%
2 Diego
25%
4 Francisco
25%
8 María
20%
7 Nepomuceno
20%
15 Ruíz
20%
11 de la Santísima Trinidad
15%
5 de Paula
15%
10 Cipriano
10%
14 Clito
5%
9 de los Remedios
5%
12 Martyr
5%
13 Patricio
5%
Nessun quiz corrispondente trovato
Distribuzione punteggi
Percentuale di utenti per punteggio
Percentile per numero di risposta
I tuoi punteggi nel tempo
Non hai fatto questo quiz